000 00422nam a2200181Ia 4500
001 10512
005 20260306161837.0
008 260306t1991||||xx |||||||||||||| ||spa||
041 _aESP
082 _a940.1
_bB85
100 _aBrunner, Otto
_eAUT
245 0 _aEstructura interna de occidente
260 _c1991
300 _a150 páginas :
_c20 cm.
650 _aGEN
654 _aCHU
942 _cLIB
_dJUS
_fJUS
_2ddc
_n
999 _c10512
_d10512